[Event "Holzoster am See"]
[Site "Holzoster am See"]
[Date "1981.??.??"]
[Round "?"]
[White "Bohm, Hans"]
[Black "Janetschek, Karl"]
[Result "1/2-1/2"]
[WhiteElo "2390"]
[BlackElo "2365"]
[PlyCount "60"]
[EventDate "1981.??.??"]
[Source "www.chesslib.no"]
[SourceDate "2005.08.01"]

1. d4 Nf6 2. c4 e6 3. Nc3 Bb4 4. Qc2 c5 5. dxc5 Nc6 6. Nf3 Bxc5 7. Bg5 h6 8.
Bh4 g5 9. Bg3 Nh5 10. e3 Nxg3 11. hxg3 g4 12. Nd2 f5 13. O-O-O b6 14. Nb3 Bb7
15. Nxc5 bxc5 16. Nb5 Rb8 17. Nd6+ Kf8 18. Qc3 Rh7 19. Kb1 Ba6 20. f3 Qg5 21.
Bd3 gxf3 22. gxf3 Qg7 23. Qxg7+ Rxg7 24. Rxh6 Rxg3 25. Be2 Rg2 26. Rh7 Nd8 27.
Rh8+ Ke7 28. Rh7+ Kf8 29. Rh8+ Ke7 30. Rh7+ Kf8 1/2-1/2

[Event "Holzoster am See"]
[Site "Holzoster am See"]
[Date "1981.??.??"]
[Round "?"]
[White "Bohm, Hans"]
[Black "Pils, Walter"]
[Result "1/2-1/2"]
[WhiteElo "2390"]
[BlackElo "2300"]
[PlyCount "119"]
[EventDate "1981.??.??"]
[Source "www.chesslib.no"]
[SourceDate "2005.08.01"]

1. d4 Nf6 2. c4 e6 3. Nc3 d5 4. cxd5 exd5 5. Qc2 Be7 6. Bg5 O-O 7. e3 h6 8. Bf4
c6 9. Bd3 Re8 10. h3 Na6 11. Bxa6 bxa6 12. Nf3 c5 13. dxc5 Bxc5 14. O-O Be6 15.
Rfd1 Rc8 16. Rac1 Bb4 17. Qa4 Bxc3 18. Rxc3 Rxc3 19. bxc3 Qc8 20. Rb1 Nd7 21.
Nd4 Nb6 22. Qb4 Qd7 23. Rb3 Rc8 24. Ra3 Rc4 25. Qd6 Qxd6 26. Bxd6 Ra4 27. Rxa4
Nxa4 28. Bb4 Bd7 29. Kf1 f6 30. h4 Kf7 31. Ke2 g5 32. hxg5 hxg5 33. Kd3 Bb5+
34. Kc2 Bd7 35. Bd6 Nb6 36. Bb8 Ba4+ 37. Kd3 Nc8 38. Nb3 Bb5+ 39. Kd4 Ne7 40.
Kc5 Nc6 41. Bc7 Ke6 42. g4 Kd7 43. Bg3 Be2 44. Kxd5 Bf3+ 45. Kc5 Bxg4 46. Nd4
Nd8 47. a3 Bh3 48. Bb8 Ne6+ 49. Kc4 Bf1+ 50. Kb3 Nc5+ 51. Kc2 Bd3+ 52. Kd2 Bc4
53. f3 Nb3+ 54. Ke1 Nxd4 55. cxd4 f5 56. Kf2 Bd5 57. Kg3 Ke6 58. Bxa7 Bb7 59.
Bb6 Kf6 60. Ba7 1/2-1/2

[Event "Holzoster am See"]
[Site "Holzoster am See"]
[Date "1981.??.??"]
[Round "?"]
[White "Dueckstein, Andreas"]
[Black "Bielczyk, Jacek"]
[Result "0-1"]
[WhiteElo "2405"]
[BlackElo "2410"]
[PlyCount "72"]
[EventDate "1981.??.??"]
[Source "www.chesslib.no"]
[SourceDate "2005.08.01"]

1. e4 c5 2. Nf3 Nc6 3. d4 cxd4 4. Nxd4 g6 5. Nc3 Bg7 6. Be3 Nf6 7. Nxc6 bxc6 8.
e5 Ng8 9. Bd4 f6 10. f4 Qa5 11. e6 Nh6 12. exd7+ Bxd7 13. Be2 Nf5 14. Bf2 Rd8
15. O-O O-O 16. Ne4 Be6 17. Qe1 Qc7 18. Nc5 Bf7 19. Bd3 e5 20. fxe5 fxe5 21.
Qb4 Bh6 22. Bc4 Kh8 23. Bxf7 Qxf7 24. Qc3 Kg8 25. Ne4 Qd5 26. Rfe1 Rd7 27. Bc5
Rff7 28. Qb3 Kg7 29. Bf2 Rb7 30. Qc3 Nd4 31. Nc5 Rbe7 32. Nb3 Nxb3 33. Qxb3 Qd2
34. Rf1 Rd7 35. Bc5 Bf4 36. g3 Bg5 0-1

[Event "Holzoster am See"]
[Site "Holzoster am See"]
[Date "1981.??.??"]
[Round "?"]
[White "Duer, Arne"]
[Black "Langeweg, Kick"]
[Result "1-0"]
[WhiteElo "2395"]
[BlackElo "2455"]
[PlyCount "81"]
[EventDate "1981.??.??"]
[Source "www.chesslib.no"]
[SourceDate "2005.08.01"]

1. c4 c5 2. Nf3 Nf6 3. d4 cxd4 4. Nxd4 e6 5. Nc3 Nc6 6. g3 Bc5 7. Nb3 Bb4 8.
Bg2 d5 9. cxd5 Nxd5 10. Qc2 Bxc3+ 11. bxc3 O-O 12. O-O Qc7 13. c4 Ne5 14. c5
Bd7 15. Bb2 Bc6 16. a3 Ne7 17. Bh3 N5g6 18. f4 Kh8 19. e4 f5 20. Qc3 Rf7 21.
Nd4 Bd7 22. Rac1 Raf8 23. exf5 exf5 24. Bg2 a6 25. Rfe1 Rf6 26. h4 Nc6 27. Bxc6
bxc6 28. Qf3 Rb8 29. Ba1 Nf8 30. Nc2 Re6 31. Rxe6 Nxe6 32. Be5 Qa7 33. Bxb8
Qxb8 34. Qe3 Qb2 35. Rd1 Qxc2 36. Rxd7 Qb1+ 37. Kh2 Qa2+ 38. Qd2 Qc4 39. Re7 h6
40. Qe3 Nxc5 41. Qe5 1-0

[Event "Holzoster am See"]
[Site "Holzoster am See"]
[Date "1981.??.??"]
[Round "?"]
[White "Duer, Arne"]
[Black "Sydor, Andrzej"]
[Result "1/2-1/2"]
[WhiteElo "2395"]
[BlackElo "2420"]
[PlyCount "40"]
[EventDate "1981.??.??"]
[Source "www.chesslib.no"]
[SourceDate "2005.08.01"]

1. c4 e6 2. g3 d5 3. Nf3 dxc4 4. Qa4+ Nd7 5. Qxc4 c5 6. Bg2 b6 7. O-O Bb7 8.
Nc3 Ngf6 9. d4 Rc8 10. Bf4 cxd4 11. Qxd4 Bc5 12. Qd3 Qe7 13. Ne5 Bxg2 14. Kxg2
Nxe5 15. Bxe5 O-O 16. Rad1 Qb7+ 17. Qf3 Qxf3+ 18. Kxf3 Rfd8 19. Rxd8+ Rxd8 20.
Rd1 Rxd1 1/2-1/2

[Event "Holzoster am See"]
[Site "Holzoster am See"]
[Date "1981.??.??"]
[Round "?"]
[White "Herzog, Adolf"]
[Black "Sosonko, Gennadi"]
[Result "0-1"]
[WhiteElo "2355"]
[BlackElo "2595"]
[PlyCount "48"]
[EventDate "1981.??.??"]
[Source "www.chesslib.no"]
[SourceDate "2005.08.01"]

1. d4 Nf6 2. Nf3 e6 3. Bf4 b6 4. e3 Bb7 5. Nbd2 Be7 6. Bd3 Nh5 7. O-O Nxf4 8.
exf4 c5 9. Re1 Nc6 10. dxc5 bxc5 11. Nc4 g6 12. Nfe5 d6 13. Nxc6 Bxc6 14. Qg4
Kf8 15. Rad1 Qc7 16. h4 h5 17. Qg3 Rd8 18. b3 Bf6 19. Bf1 Rd7 20. f5 gxf5 21.
Nxd6 Rg8 22. Qh2 Bd4 23. c3 Bxc3 24. Re2 Bd4 0-1

[Event "Holzoster am See"]
[Site "Holzoster am See"]
[Date "1981.??.??"]
[Round "?"]
[White "Herzog, Adolf"]
[Black "Sznapik, Aleksander"]
[Result "0-1"]
[WhiteElo "2355"]
[BlackElo "2450"]
[PlyCount "78"]
[EventDate "1981.??.??"]
[Source "www.chesslib.no"]
[SourceDate "2005.08.01"]

1. e4 g6 2. f4 Bg7 3. Nf3 c5 4. Bc4 e6 5. Nc3 Ne7 6. O-O d5 7. Be2 dxe4 8. Nxe4
Nbc6 9. c3 b6 10. Qe1 Bb7 11. d3 h6 12. Qh4 Nd5 13. Qg3 Qc7 14. Nfd2 O-O-O 15.
Nc4 f5 16. Qxg6 fxe4 17. dxe4 Nxc3 18. bxc3 Bxc3 19. Bb2 Bxb2 20. Nxb2 Kb8 21.
Rad1 Nd4 22. Bd3 Rdf8 23. Qg4 Rhg8 24. Qh4 Qh7 25. Qe1 Rg4 26. Qe3 Qg7 27. g3
h5 28. Nc4 Qc7 29. Ne5 Rg7 30. Rd2 h4 31. g4 Nc6 32. Nxc6+ Qxc6 33. h3 Rd7 34.
Bc2 Rxd2 35. Qxd2 c4 36. Qd4 b5 37. f5 Qc7 38. e5 Rd8 39. Qe3 Qc6 0-1

[Event "Holzoster am See"]
[Site "Holzoster am See"]
[Date "1981.??.??"]
[Round "?"]
[White "Hoelzl, Franz"]
[Black "Schmidt, Wlodzimierz"]
[Result "1-0"]
[WhiteElo "2375"]
[BlackElo "2495"]
[PlyCount "125"]
[EventDate "1981.??.??"]
[Source "www.chesslib.no"]
[SourceDate "2005.08.01"]

1. Nf3 Nf6 2. c4 g6 3. Nc3 Bg7 4. e4 d6 5. d4 O-O 6. Be2 e5 7. O-O Nc6 8. d5
Ne7 9. Nd2 c5 10. Rb1 Ne8 11. b4 b6 12. bxc5 bxc5 13. Nb3 f5 14. f3 f4 15. Qe1
g5 16. g4 fxg3 17. hxg3 Ng6 18. Nd1 h5 19. Ne3 h4 20. g4 Nf4 21. Bd2 Nf6 22.
Na5 Nh7 23. Bd1 Nd3 24. Qe2 Nf4 25. Qh2 Qe8 26. Nc6 Rf7 27. Ba4 Rb7 28. Nf5 Qf8
29. Rxb7 Bxb7 30. Nce7+ Kf7 31. Nxd6+ Kxe7 32. Nxb7 Qc8 33. Bc6 Rb8 34. Rb1 Kf6
35. Bxf4 gxf4 36. Qxh4+ Ng5 37. Rb3 Qc7 38. Kg2 Rh8 39. Qe1 Bf8 40. Qd1 Rh3 41.
Be8 Rg3+ 42. Kf1 Nxf3 43. Rxf3 Rxf3+ 44. Qxf3 Qxb7 45. g5+ Kg7 46. Qh5 Qb1+ 47.
Kf2 Qxa2+ 48. Kg1 Qb1+ 49. Kh2 Qc2+ 50. Kh3 Qd3+ 51. Kg4 Qd1+ 52. Kf5 Qxh5 53.
Bxh5 a5 54. Bd1 f3 55. Bxf3 a4 56. Bd1 a3 57. Bb3 Kf7 58. Kxe5 Ke7 59. d6+ Kd7
60. Kf6 Bxd6 61. g6 Bf8 62. Kf7 Bh6 63. e5 1-0

[Event "Holzoster am See"]
[Site "Holzoster am See"]
[Date "1981.??.??"]
[Round "?"]
[White "Hoelzl, Franz"]
[Black "Timman, Jan H"]
[Result "0-1"]
[WhiteElo "2375"]
[BlackElo "2620"]
[PlyCount "36"]
[EventDate "1981.??.??"]
[Source "www.chesslib.no"]
[SourceDate "2005.08.01"]

1. c4 e5 2. d3 Nf6 3. Nf3 Nc6 4. Nc3 d5 5. Bg5 dxc4 6. Qa4 Bd7 7. Qxc4 Be7 8.
d4 Be6 9. Qa4 exd4 10. O-O-O Nd5 11. Bxe7 Qxe7 12. Nxd5 Qc5+ 13. Kb1 Bxd5 14.
Nxd4 Be4+ 15. Ka1 O-O-O 16. e3 Bc2 17. Rc1 Nxd4 18. b4 Qc3# 0-1

[Event "Holzoster am See"]
[Site "Holzoster am See"]
[Date "1981.??.??"]
[Round "?"]
[White "Janetschek, Karl"]
[Black "Adamski, Jan"]
[Result "1/2-1/2"]
[WhiteElo "2365"]
[BlackElo "2430"]
[PlyCount "72"]
[EventDate "1981.??.??"]
[Source "www.chesslib.no"]
[SourceDate "2005.08.01"]

1. e4 c5 2. Nf3 e6 3. d4 cxd4 4. Nxd4 a6 5. Bd3 Nf6 6. O-O d6 7. c4 Be7 8. Nc3
O-O 9. Kh1 b6 10. f4 Bb7 11. f5 Nc6 12. Be3 Nxd4 13. Bxd4 e5 14. Be3 b5 15.
cxb5 axb5 16. Qb3 d5 17. exd5 Nxd5 18. Nxd5 Bxd5 19. Qc2 Rc8 20. Qe2 Bc4 21.
Rad1 Qc7 22. f6 Bxd3 23. Rxd3 Bxf6 24. Rxf6 gxf6 25. Bh6 Kh8 26. Qf1 f5 27.
Bxf8 Rxf8 28. h3 f4 29. Rd5 b4 30. Qe1 b3 31. Qxe5+ Qxe5 32. Rxe5 bxa2 33. Ra5
Rb8 34. Rxa2 Kg7 35. Kg1 Rb3 36. Kf2 Kg6 1/2-1/2

[Event "Holzoster am See"]
[Site "Holzoster am See"]
[Date "1981.??.??"]
[Round "?"]
[White "Janetschek, Karl"]
[Black "Van der Sterren, Paul"]
[Result "0-1"]
[WhiteElo "2365"]
[BlackElo "2440"]
[PlyCount "102"]
[EventDate "1981.??.??"]
[Source "www.chesslib.no"]
[SourceDate "2005.08.01"]

1. e4 d6 2. d4 Nf6 3. Nc3 g6 4. Be2 Bg7 5. Nf3 O-O 6. O-O c6 7. Be3 b5 8. a3
Nbd7 9. h3 Qc7 10. Qd2 Bb7 11. Rfd1 a6 12. Bf4 c5 13. d5 b4 14. axb4 cxb4 15.
Na4 Nxe4 16. Qxb4 Nec5 17. Nxc5 Nxc5 18. Ra5 Rab8 19. Rxc5 dxc5 20. Qc4 Qb6 21.
Bxb8 Rxb8 22. b3 Rd8 23. Nh2 Bd4 24. Ng4 Bxd5 25. Qxa6 Qc7 26. Bf1 h5 27. Ne3
Bxe3 28. fxe3 Qe5 29. Qe2 Rd6 30. Qf2 g5 31. Bc4 Bxc4 32. Rxd6 Qxd6 33. bxc4
Qe6 34. Qf3 h4 35. Qe2 Qe5 36. Qd3 Kg7 37. Kf2 f5 38. Qb3 g4 39. hxg4 fxg4 40.
Qd3 Kf6 41. Qd8 Kg7 42. Qd7 Qe4 43. Qd2 Qxc4 44. Ke1 Qb4 45. c3 Qe4 46. c4 Kg6
47. Qc3 g3 48. Qb3 e6 49. Qa3 h3 50. gxh3 Qh1+ 51. Ke2 g2 0-1

[Event "Holzoster am See"]
[Site "Holzoster am See"]
[Date "1981.??.??"]
[Round "?"]
[White "Kuligowski, Adam"]
[Black "Ree, Hans"]
[Result "1-0"]
[WhiteElo "2450"]
[BlackElo "2485"]
[PlyCount "75"]
[EventDate "1981.??.??"]
[Source "www.chesslib.no"]
[SourceDate "2005.08.01"]

1. d4 Nf6 2. c4 g6 3. Nc3 Bg7 4. e4 d6 5. f3 O-O 6. Bg5 Nc6 7. Nge2 a6 8. Qd2
Rb8 9. O-O-O b5 10. Qe3 e5 11. d5 Na5 12. c5 Nc4 13. Qg1 h6 14. Bh4 dxc5 15. b3
Nb6 16. Qxc5 Qd6 17. Qxd6 cxd6 18. a3 Bd7 19. Kb2 Rfc8 20. Nc1 Nh5 21. N1a2 Bf6
22. Bf2 Bd8 23. Nb4 Ra8 24. g4 Nf4 25. Ne2 f5 26. gxf5 gxf5 27. Nxf4 exf4 28.
Bd4 Kf7 29. Kb1 fxe4 30. fxe4 Bg4 31. Rd2 Bc7 32. Rf2 f3 33. Be2 Nd7 34. Rg1
Ne5 35. Bxf3 Bxf3 36. Bxe5 dxe5 37. Rxf3+ Ke7 38. Nc6+ 1-0

[Event "Holzoster am See"]
[Site "Holzoster am See"]
[Date "1981.??.??"]
[Round "?"]
[White "Kuligowski, Adam"]
[Black "Van der Wiel, John"]
[Result "1/2-1/2"]
[WhiteElo "2450"]
[BlackElo "2465"]
[PlyCount "52"]
[EventDate "1981.??.??"]
[Source "www.chesslib.no"]
[SourceDate "2005.08.01"]

1. Nf3 Nf6 2. c4 b6 3. Nc3 e6 4. e4 Bb7 5. Bd3 c5 6. O-O Nc6 7. e5 Ng4 8. Be4
Qc8 9. Re1 d6 10. exd6 Bxd6 11. Nb5 Be7 12. d4 a6 13. Nc3 cxd4 14. Nxd4 Nxf2
15. Bxc6+ Qxc6 16. Nxc6 Nxd1 17. Nxe7 Nxc3 18. Nf5 O-O-O 19. Ne7+ Kd7 20. bxc3
Kxe7 21. Rb1 Rd3 22. Rxb6 Bc8 23. Ba3+ Kf6 24. c5 Kg6 25. Bb4 Rd2 26. c6 Rhd8
1/2-1/2

[Event "Holzoster am See"]
[Site "Holzoster am See"]
[Date "1981.??.??"]
[Round "?"]
[White "Kuligowski, Adam"]
[Black "Wittmann, Walter"]
[Result "1/2-1/2"]
[WhiteElo "2450"]
[BlackElo "2380"]
[PlyCount "86"]
[EventDate "1981.??.??"]
[Source "www.chesslib.no"]
[SourceDate "2005.08.01"]

1. d4 d5 2. c4 Nc6 3. Nc3 Nf6 4. Nf3 Bg4 5. Ne5 Nxe5 6. dxe5 d4 7. Nb5 c6 8.
Nxd4 Qa5+ 9. Qd2 Qxe5 10. Nb3 e6 11. a3 Qc7 12. g3 Qb6 13. Qe3 Qa6 14. Nd2 Be7
15. Bg2 b5 16. h3 Bh5 17. O-O O-O 18. g4 Bg6 19. b3 bxc4 20. Nxc4 Nd5 21. Qf3
Bf6 22. Bb2 Bxb2 23. Nxb2 Rab8 24. e4 Nf6 25. Qe3 Qb6 26. Qe2 Qxb3 27. Nc4 Qb5
28. f4 h6 29. Rac1 Rfd8 30. f5 exf5 31. gxf5 Bh5 32. Qe3 Qa4 33. Rc3 Rd1 34.
Rxd1 Qxd1+ 35. Kh2 Rb1 36. Qxa7 Be2 37. Ne5 Bh5 38. Qf2 Qd6 39. Qg3 Qd4 40. Re3
Qd1 41. Qf2 Qd6 42. Qg3 Qd1 43. Qf2 Qd6 1/2-1/2

[Event "Holzoster am See"]
[Site "Holzoster am See"]
[Date "1981.??.??"]
[Round "?"]
[White "Langeweg, Kick"]
[Black "Bielczyk, Jacek"]
[Result "1/2-1/2"]
[WhiteElo "2455"]
[BlackElo "2410"]
[PlyCount "48"]
[EventDate "1981.??.??"]
[Source "www.chesslib.no"]
[SourceDate "2005.08.01"]

1. d4 Nf6 2. Nf3 g6 3. Bg5 d6 4. Nbd2 Bg7 5. e4 O-O 6. c3 Nc6 7. Bd3 h6 8. Bh4
Nh5 9. O-O Qe8 10. Re1 e5 11. dxe5 Nxe5 12. Nxe5 Qxe5 13. f3 Be6 14. Bf2 Rae8
15. Nc4 Qg5 16. Be3 Qh4 17. Qd2 d5 18. Na5 Rd8 19. Bf2 Qf4 20. Be3 Qh4 21. Qf2
Qxf2+ 22. Kxf2 Bc8 23. Rad1 d4 24. cxd4 Bxd4 1/2-1/2

[Event "Holzoster am See"]
[Site "Holzoster am See"]
[Date "1981.??.??"]
[Round "?"]
[White "Ligterink, Gert"]
[Black "Duer, Arne"]
[Result "1-0"]
[WhiteElo "2430"]
[BlackElo "2395"]
[PlyCount "69"]
[EventDate "1981.??.??"]
[Source "www.chesslib.no"]
[SourceDate "2005.08.01"]

1. d4 d5 2. c4 c6 3. Nf3 Nf6 4. Qb3 e6 5. g3 Nbd7 6. Bg2 Bd6 7. O-O O-O 8. Nc3
Qe7 9. Re1 dxc4 10. Qxc4 e5 11. e4 exd4 12. Nxd4 Nb6 13. Qe2 Bc5 14. Nb3 Bb4
15. h3 Re8 16. a3 Bxc3 17. bxc3 Be6 18. Nd4 Qc5 19. Qc2 Nc4 20. Rb1 Rab8 21. a4
Na3 22. Bxa3 Qxa3 23. f4 Qc5 24. Kh2 Bd7 25. Qd3 b6 26. e5 Nd5 27. Rbc1 Rbd8
28. f5 Nc7 29. Qe4 Kh8 30. Qh4 Rc8 31. e6 fxe6 32. f6 Rf8 33. Nb3 Qf5 34. fxg7+
Kxg7 35. Qd4+ 1-0

[Event "Holzoster am See"]
[Site "Holzoster am See"]
[Date "1981.??.??"]
[Round "?"]
[White "Pils, Walter"]
[Black "Van der Vliet, Fred"]
[Result "1/2-1/2"]
[WhiteElo "2300"]
[BlackElo "2395"]
[PlyCount "57"]
[EventDate "1981.??.??"]
[Source "www.chesslib.no"]
[SourceDate "2005.08.01"]

1. e4 c5 2. Nf3 d6 3. Bb5+ Nd7 4. O-O Ngf6 5. Re1 e6 6. c3 a6 7. Bf1 Be7 8. a4
b6 9. d3 Bb7 10. Na3 O-O 11. Bg5 h6 12. Bh4 Re8 13. Bg3 Nh5 14. d4 Nxg3 15.
hxg3 Qc7 16. Bd3 Bf8 17. Qe2 e5 18. d5 g6 19. Nh4 Qd8 20. Rab1 Bc8 21. b4 Be7
22. Nf3 Rf8 23. Qc2 Qc7 24. Rbc1 Ra7 25. Qe2 Nf6 26. b5 a5 27. Nc4 Nh7 28. Rcd1
Bd8 29. Bc2 1/2-1/2

[Event "Holzoster am See"]
[Site "Holzoster am See"]
[Date "1981.??.??"]
[Round "?"]
[White "Pokojowczyk, Jerzy"]
[Black "Duer, Arne"]
[Result "1/2-1/2"]
[WhiteElo "2390"]
[BlackElo "2395"]
[PlyCount "98"]
[EventDate "1981.??.??"]
[Source "www.chesslib.no"]
[SourceDate "2005.08.01"]

1. e4 c5 2. Nf3 e6 3. d4 cxd4 4. Nxd4 Nc6 5. Nb5 d6 6. c4 Nf6 7. N1c3 a6 8. Na3
Be7 9. Be2 O-O 10. O-O b6 11. Be3 Ne5 12. f4 Ned7 13. Bf3 Bb7 14. Re1 Re8 15.
Rc1 Rc8 16. Qe2 Bf8 17. Nab1 Nc5 18. Bf2 Qc7 19. Nd2 Qb8 20. b4 Ncd7 21. a3 h6
22. Be3 Ba8 23. Qf2 Rc7 24. Rc2 Rec8 25. Rec1 Be7 26. Qe2 Ne8 27. Qd3 Bf6 28.
Na4 b5 29. cxb5 Qxb5 30. Qxb5 axb5 31. Rxc7 Rxc7 32. Rxc7 Nxc7 33. Nb6 Nxb6 34.
Bxb6 Ne8 35. e5 Bxf3 36. Nxf3 dxe5 37. fxe5 Bg5 38. Nxg5 hxg5 39. Kf2 f6 40.
Bd4 Kf7 41. Ke3 Ke7 42. Bc5+ Kd7 43. Kd4 f5 44. h3 Kc6 45. g4 Nc7 46. Be7 fxg4
47. hxg4 Nd5 48. Bxg5 Nb6 49. Be7 Nd5 1/2-1/2

[Event "Holzoster am See"]
[Site "Holzoster am See"]
[Date "1981.??.??"]
[Round "?"]
[White "Pokojowczyk, Jerzy"]
[Black "Ligterink, Gert"]
[Result "1/2-1/2"]
[WhiteElo "2390"]
[BlackElo "2430"]
[PlyCount "80"]
[EventDate "1981.??.??"]
[Source "www.chesslib.no"]
[SourceDate "2005.08.01"]

1. e4 c5 2. Nf3 e6 3. d4 cxd4 4. Nxd4 Nc6 5. Nb5 d6 6. c4 Nf6 7. N1c3 a6 8. Na3
Be7 9. Be2 O-O 10. O-O b6 11. Be3 Ne5 12. f4 Ned7 13. Bf3 Bb7 14. Re1 Qc7 15.
Rc1 Rad8 16. Nab1 Qb8 17. Bf2 b5 18. cxb5 axb5 19. a3 d5 20. e5 Ne4 21. Bd4 b4
22. Na4 bxa3 23. bxa3 f6 24. Bxe4 dxe4 25. Qb3 fxe5 26. Qxe6+ Kh8 27. fxe5 Bg5
28. Rcd1 Bf4 29. Nc5 Nxc5 30. Bxc5 Rfe8 31. Qf5 Bxe5 32. Qh5 Bc6 33. Bb4 Bd4+
34. Rxd4 Rxd4 35. Qc5 Rxb4 36. axb4 Bb5 37. Nc3 Bd3 38. Nd5 Re5 39. Qc7 Qxc7
40. Nxc7 e3 1/2-1/2

[Event "Holzoster am See"]
[Site "Holzoster am See"]
[Date "1981.??.??"]
[Round "?"]
[White "Pokojowczyk, Jerzy"]
[Black "Ligterink, Gert"]
[Result "1/2-1/2"]
[WhiteElo "2390"]
[BlackElo "2430"]
[PlyCount "83"]
[EventDate "1981.??.??"]
[Source "www.chesslib.no"]
[SourceDate "2005.08.01"]

1. e4 e5 2. Nf3 Nf6 3. Nc3 Nc6 4. Bb5 Nd4 5. Ba4 Bc5 6. Nxe5 Qe7 7. Nd3 Nxe4 8.
O-O Nxc3 9. dxc3 Ne6 10. Nxc5 Qxc5 11. Be3 Qe7 12. c4 O-O 13. c3 d6 14. Bc2 Bd7
15. Re1 Bc6 16. Qg4 Qf6 17. h4 Rae8 18. Re2 Nf4 19. Bxf4 Rxe2 20. Qxe2 Qxf4 21.
g3 Qe5 22. Re1 Re8 23. Bd3 g6 24. Qxe5 Rxe5 25. Re2 Bf3 26. Re3 Rxe3 27. fxe3
Kg7 28. Kf2 Bg4 29. e4 Kf6 30. Ke3 Ke5 31. Bc2 Be6 32. Bd3 b6 33. Be2 h6 34.
Bd3 f6 35. Be2 Bf7 36. Bd3 g5 37. Be2 c6 38. Bd3 Bg6 39. a3 a6 40. b4 a5 41. c5
dxc5 42. bxa5 1/2-1/2

[Event "Holzoster am See"]
[Site "Holzoster am See"]
[Date "1981.??.??"]
[Round "?"]
[White "Ree, Hans"]
[Black "Pytel, Krzysztof"]
[Result "1-0"]
[WhiteElo "2485"]
[BlackElo "2400"]
[PlyCount "79"]
[EventDate "1981.??.??"]
[Source "www.chesslib.no"]
[SourceDate "2005.08.01"]

1. d4 Nf6 2. c4 g6 3. Nc3 Bg7 4. e4 d6 5. f3 O-O 6. Be3 e5 7. d5 c6 8. Bd3 cxd5
9. cxd5 Nh5 10. Nge2 f5 11. exf5 gxf5 12. O-O Nd7 13. Rc1 Nc5 14. Bb1 a5 15. f4
exf4 16. Nxf4 Nxf4 17. Bxf4 Qb6 18. Kh1 Bd7 19. Qd2 Rf7 20. Rce1 Re8 21. Rxe8+
Bxe8 22. Re1 Bd7 23. h3 a4 24. Re3 Kh8 25. Rg3 Bf6 26. Nd1 Rg7 27. Rxg7 Bxg7
28. Qf2 Qa6 29. Ne3 Ne4 30. Bxe4 fxe4 31. Qh4 Qa8 32. Nc4 Kg8 33. Nxd6 Bxb2 34.
Bh6 Be8 35. Qxe4 Bg6 36. Qe6+ Kh8 37. Nc4 Bd4 38. Ne5 Qd8 39. d6 Qg8 40. Qf6+
1-0

[Event "Holzoster am See"]
[Site "Holzoster am See"]
[Date "1981.??.??"]
[Round "?"]
[White "Ree, Hans"]
[Black "Wittmann, Walter"]
[Result "0-1"]
[WhiteElo "2485"]
[BlackElo "2380"]
[PlyCount "80"]
[EventDate "1981.??.??"]
[Source "www.chesslib.no"]
[SourceDate "2005.08.01"]

1. e4 c5 2. Nf3 Nc6 3. d4 cxd4 4. Nxd4 Nf6 5. Nc3 d6 6. Bc4 e6 7. O-O Be7 8.
Be3 a6 9. a4 O-O 10. Kh1 Bd7 11. f4 Rc8 12. Ba2 Nxd4 13. Qxd4 Ng4 14. Bg1 Bf6
15. e5 dxe5 16. fxe5 Nxe5 17. Ne4 Bc6 18. Nxf6+ gxf6 19. Bb3 Kh8 20. Rad1 Rg8
21. Rf2 Qf8 22. Rdd2 Qh6 23. Qb6 Nf3 24. Rde2 Nh4 25. Rxf6 Qg5 26. Bd4 Bxg2+
27. Kg1 Bf3+ 28. Kf1 Bxe2+ 29. Kxe2 e5 30. Be3 Qg4+ 31. Kd2 Nf5 32. Bd5 Rgd8
33. c4 Qxc4 34. Rxf5 Qxd5+ 35. Ke2 Rc6 36. Qb4 Qd1+ 37. Kf2 Rc2+ 38. Kg3 Qh1
39. Bf2 Rg8+ 40. Kh3 Qg2+ 0-1

[Event "Holzoster am See"]
[Site "Holzoster am See"]
[Date "1981.??.??"]
[Round "?"]
[White "Schmidt, Wlodzimierz"]
[Black "Hoelzl, Franz"]
[Result "1-0"]
[WhiteElo "2495"]
[BlackElo "2375"]
[PlyCount "71"]
[EventDate "1981.??.??"]
[Source "www.chesslib.no"]
[SourceDate "2005.08.01"]

1. c4 Nf6 2. d4 g6 3. Nc3 d5 4. Bf4 Bg7 5. e3 O-O 6. Qb3 c6 7. Nf3 Qa5 8. Nd2
Ne4 9. Ndxe4 dxe4 10. Be2 e5 11. dxe5 Bxe5 12. Bxe5 Qxe5 13. O-O Nd7 14. Rfd1
Nf6 15. Rd4 Qe7 16. Rad1 h5 17. Qc2 Bf5 18. h3 Rae8 19. Bf1 h4 20. Ne2 Bc8 21.
c5 g5 22. Rd6 Kh7 23. g4 hxg3 24. Nxg3 Qe5 25. Rxf6 Qxf6 26. Nxe4 Rxe4 27.
Qxe4+ Bf5 28. Qxf5+ Qxf5 29. Bd3 Qg6 30. Bxg6+ Kxg6 31. Rd7 Rb8 32. Kg2 Kf6 33.
Kg3 b6 34. Rd6+ Kg7 35. Rxc6 bxc5 36. Rxc5 1-0

[Event "Holzoster am See"]
[Site "Holzoster am See"]
[Date "1981.??.??"]
[Round "?"]
[White "Schmidt, Wlodzimierz"]
[Black "Timman, Jan H"]
[Result "1/2-1/2"]
[WhiteElo "2495"]
[BlackElo "2620"]
[PlyCount "68"]
[EventDate "1981.??.??"]
[Source "www.chesslib.no"]
[SourceDate "2005.08.01"]

1. d4 Nf6 2. c4 e6 3. Nf3 b6 4. g3 Ba6 5. Nbd2 Bb4 6. Qc2 Bb7 7. Bg2 Be4 8. Qd1
O-O 9. O-O Bxd2 10. Bxd2 d6 11. b4 Nbd7 12. Qb3 e5 13. dxe5 Nxe5 14. Rfd1 Nxf3+
15. Bxf3 Re8 16. c5 Bxf3 17. Qxf3 Ne4 18. cxd6 Qxd6 19. Be1 Qe6 20. Qb3 Qxb3
21. axb3 Nd6 22. Rac1 Rxe2 23. Rxc7 Nb5 24. Rcd7 h6 25. R7d5 Rae8 26. Bd2 R2e5
27. Rd3 Re4 28. Kf1 Rd4 29. Rxd4 Nxd4 30. Bxh6 Nxb3 31. Rd3 gxh6 32. Rxb3 a5
33. bxa5 bxa5 34. Rb6 Kg7 1/2-1/2

[Event "Holzoster am See"]
[Site "Holzoster am See"]
[Date "1981.??.??"]
[Round "?"]
[White "Sosonko, Gennadi"]
[Black "Herzog, Adolf"]
[Result "1/2-1/2"]
[WhiteElo "2595"]
[BlackElo "2355"]
[PlyCount "41"]
[EventDate "1981.??.??"]
[Source "www.chesslib.no"]
[SourceDate "2005.08.01"]

1. d4 Nf6 2. c4 e6 3. Nf3 d5 4. g3 c6 5. Bg2 Nbd7 6. Qc2 Be7 7. O-O O-O 8. b3
b6 9. Rd1 Bb7 10. Nc3 Rc8 11. e4 c5 12. exd5 exd5 13. Bb2 Qc7 14. dxc5 dxc4 15.
cxb6 Qxb6 16. Na4 Qa6 17. Qf5 Nc5 18. Ba3 Nfe4 19. Nxc5 Bxc5 20. Bxc5 Rxc5 21.
Qf4 1/2-1/2

[Event "Holzoster am See"]
[Site "Holzoster am See"]
[Date "1981.??.??"]
[Round "?"]
[White "Sosonko, Gennadi"]
[Black "Sznapik, Aleksander"]
[Result "1-0"]
[WhiteElo "2595"]
[BlackElo "2450"]
[PlyCount "79"]
[EventDate "1981.??.??"]
[Source "www.chesslib.no"]
[SourceDate "2005.08.01"]

1. d4 Nf6 2. c4 g6 3. Nc3 Bg7 4. e4 d6 5. Be2 O-O 6. Nf3 e5 7. O-O Nc6 8. d5
Ne7 9. Ne1 Nd7 10. Nd3 f5 11. Bd2 c5 12. Rb1 Nf6 13. f3 f4 14. b4 b6 15. bxc5
bxc5 16. Nb5 a6 17. Nc3 g5 18. Nf2 h5 19. h3 Ng6 20. Na4 Ra7 21. Nb6 Bh6 22.
Nxc8 Qxc8 23. Rb6 Qd8 24. Qb3 g4 25. fxg4 Rh7 26. Rb1 Nh4 27. Rb8 Qe7 28. Bf3
hxg4 29. Rxf8+ Qxf8 30. Nxg4 Nxf3+ 31. Qxf3 Nxg4 32. Qxg4+ Rg7 33. Qe6+ Kh7 34.
g4 Rg6 35. Rb7+ Bg7 36. Qf5 Qd8 37. Be1 Qe8 38. h4 Kh8 39. g5 Bf8 40. Rf7 1-0